| 000 | 00739nam a22001937a 4500 | ||
|---|---|---|---|
| 003 | OSt | ||
| 005 | 20240902105057.0 | ||
| 008 | 240902b ||||| |||| 00| 0 eng d | ||
| 040 | _cAIMIT LIBRARY | ||
| 100 |
_aMartis, Jason Stewart. _e2216073 _9178401 |
||
| 245 |
_aStudy on the revenue growth and financial performance of ITC limited / _cBy Jason Stewart Martis ; Guided by Rajani Suresh. |
||
| 260 |
_aBengaluru ; _c2024. |
||
| 650 |
_aIndustry profile company profile introduction _9178402 |
||
| 650 |
_aLiterature review objectives and conceptual framework _9178403 |
||
| 650 |
_aData analysis and interpretation _9178404 |
||
| 700 |
_aSuresh, Rajani. _eGuide _9178405 |
||
| 856 |
_3ITC Limited _uwww.itcportal.com |
||
| 942 |
_2ddc _cPRO |
||
| 999 |
_c231686 _d231686 |
||